Les films et les séries Marvel (MCU) - Statistiques

Statistiques générales
  • Ce quiz a été pris 646 fois
    615 depuis la dernière actualisation
  • Le résultat moyen est 19 sur 28
Statistiques - réponses
Hint Réponse % Correct
3 Iron Man
97%
6 L'Incroyable Hulk
88%
5 Thor
88%
7 Avengers
87%
4 Iron Man 2
84%
8 Iron Man 3
83%
23 Avengers : Endgame
78%
13 Ant-Man
75%
21 Avengers : Infinity War
75%
2 Captain Marvel
72%
12 Avengers : L’Ère d’Ultron
71%
1 Captain America : First Avenger
71%
20 Thor Ragnarok
71%
14 Captain America : Civil War
70%
16 Black Panther
69%
15 Black Widow
68%
19 Doctor Strange
68%
11 Les Gardiens de la Galaxie
67%
22 Ant-Man et la guêpe
66%
25 Loki
66%
17 Spider-Man : Homecoming
66%
10 Captain America : Le Soldat de l’hiver
64%
24 Spider-Man : Far From Home
63%
9 Thor : Le Monde des ténèbres
60%
27 WandaVision
60%
18 Les Gardiens de la galaxie Vol. 2
59%
26 The Falcon et le Soldat de l'hiver
27%
28 Les Légendes des Studios Marvel
3%
Aucun quiz correspondant
Distribution des résultats
% des personnes avec chaque résultat
Percentile par nombre de réponses
Votre historique - résultats
Vous n’avez pas pris ce quiz depuis la dernière actualisation